<?xml version='1.0' encoding='UTF-8'?>
  <record xmlns="http://www.loc.gov/MARC21/slim">
    <leader>00000cam a2200000 i 4500</leader>
    <controlfield tag="001">ocm04572799</controlfield>
    <controlfield tag="003">OCoLC</controlfield>
    <controlfield tag="005">20250517010253.7</controlfield>
    <controlfield tag="008">790122s1909    xx ac         000 0 bre d</controlfield>
    <datafield tag="040" ind1=" " ind2=" ">
      <subfield code="a">CLE</subfield>
      <subfield code="b">eng</subfield>
      <subfield code="c">CLE</subfield>
      <subfield code="d">OCLCQ</subfield>
      <subfield code="d">EQF</subfield>
      <subfield code="d">OCLCF</subfield>
      <subfield code="d">OCLCO</subfield>
      <subfield code="d">QGJ</subfield>
      <subfield code="d">OCLCO</subfield>
      <subfield code="d">OCLCQ</subfield>
      <subfield code="d">OCLCL</subfield>
      <subfield code="d">OCLCQ</subfield>
      <subfield code="d">OCLCL</subfield>
    </datafield>
    <datafield tag="029" ind1="1" ind2=" ">
      <subfield code="a">ZWZ</subfield>
      <subfield code="b">018965512</subfield>
    </datafield>
    <datafield tag="035" ind1=" " ind2=" ">
      <subfield code="a">(OCoLC)4572799</subfield>
    </datafield>
    <datafield tag="082" ind1="0" ind2="4">
      <subfield code="a">891.68</subfield>
      <subfield code="b">B631b</subfield>
      <subfield code="1">https://id.oclc.org/worldcat/ddc/E3JkfrR3hkTMBCqbDpBgR6cyWj</subfield>
    </datafield>
    <datafield tag="100" ind1="1" ind2=" ">
      <subfield code="a">Bocher, Auguste.</subfield>
      <subfield code="4">aut</subfield>
      <subfield code="0">(FrPBN)10797892</subfield>
    </datafield>
    <datafield tag="245" ind1="1" ind2="0">
      <subfield code="a">Bleuniou yaouankiz /</subfield>
      <subfield code="c">gwerziou ha zoniou bet burunet, kalz anê, gant Kevredigez broadus briez hag an Association artistique &amp; littéraire de Bretagne.</subfield>
    </datafield>
    <datafield tag="260" ind1=" " ind2=" ">
      <subfield code="a">[Montroulez] :</subfield>
      <subfield code="b">[A. Lajat],</subfield>
      <subfield code="c">[1909]</subfield>
    </datafield>
    <datafield tag="300" ind1=" " ind2=" ">
      <subfield code="a">xvi, 367, [1] pages :</subfield>
      <subfield code="b">portrait, illustrations ;</subfield>
      <subfield code="c">18 cm</subfield>
    </datafield>
    <datafield tag="336" ind1=" " ind2=" ">
      <subfield code="a">text</subfield>
      <subfield code="b">txt</subfield>
      <subfield code="2">rdacontent</subfield>
    </datafield>
    <datafield tag="337" ind1=" " ind2=" ">
      <subfield code="a">unmediated</subfield>
      <subfield code="b">n</subfield>
      <subfield code="2">rdamedia</subfield>
    </datafield>
    <datafield tag="338" ind1=" " ind2=" ">
      <subfield code="a">volume</subfield>
      <subfield code="b">nc</subfield>
      <subfield code="2">rdacarrier</subfield>
    </datafield>
    <datafield tag="500" ind1=" " ind2=" ">
      <subfield code="a">Name author on cover: Ar Yeodet (A. Bocher)</subfield>
    </datafield>
    <datafield tag="500" ind1=" " ind2=" ">
      <subfield code="a">Half-title.</subfield>
    </datafield>
    <datafield tag="500" ind1=" " ind2=" ">
      <subfield code="a">12 p. of music at end.</subfield>
    </datafield>
    <datafield tag="650" ind1=" " ind2="0">
      <subfield code="a">Breton poetry.</subfield>
    </datafield>
    <datafield tag="650" ind1=" " ind2="6">
      <subfield code="a">Poésie bretonne.</subfield>
    </datafield>
    <datafield tag="650" ind1=" " ind2="7">
      <subfield code="a">Breton poetry.</subfield>
      <subfield code="2">fast</subfield>
      <subfield code="0">(OCoLC)fst00838485</subfield>
    </datafield>
    <datafield tag="776" ind1="0" ind2="8">
      <subfield code="i">Online version:</subfield>
      <subfield code="a">Bocher, A.</subfield>
      <subfield code="t">Bleuniou yaouankiz.</subfield>
      <subfield code="d">[Montroulez], [A. Lajat], [1909]</subfield>
      <subfield code="w">(OCoLC)1084033793</subfield>
    </datafield>
  </record>